[Event "24e tournoi 1hKO"]
[Site "Montigny le Bretonneux"]
[Date "2022.05.26"]
[Round "2.14"]
[White "Koutchinsky, Gabriel"]
[Black "Haquet Larrouy, Alban"]
[Result "1-0"]
[WhiteElo "1290"]
[BlackElo "1099"]
[Annotator "Rivier,Sylvain"]
[PlyCount "105"]
[EventDate "2022.??.??"]

{Ouverture anglaise} 1. c4 e5 2. Nc3 Nf6 3. d3 Bb4 4. Bd2 Bxc3 5. Bxc3 d6 6. g3
Nc6 7. Bg2 Bg4 8. Nf3 Qd7 9. O-O O-O 10. Re1 Rad8 11. b4 Rfe8 12. b5 Nb8 13.
Nd2 d5 14. Qa4 dxc4 15. Nxc4 e4 16. Bxf6 gxf6 17. Bxe4 Qd4 18. Qc2 c6 19. Qb2
cxb5 20. Qxd4 Rxd4 21. Ne3 h5 22. Bxb7 f5 23. Nc2 Ra4 24. e3 Rd8 25. d4 Rd7 26.
Bg2 Rc4 27. Na3 Rb4 28. h3 Ra4 29. Nxb5 Rb7 30. Bxb7 Rb4 31. Rab1 Rxb1 32. Rxb1
a6 33. hxg4 axb5 34. gxh5 Nd7 35. Rxb5 Kg7 36. a4 Nf6 37. a5 Nxh5 38. a6 Nf6
39. a7 Ne8 40. Rc5 Nd6 41. a8=Q Nxb7 42. Qxb7 Kg6 43. Rxf5 Kxf5 44. Qxf7+ Ke4
45. Qf4+ Kd3 46. Qf3 Kc4 47. g4 Kc3 48. Qd1 Kc4 49. d5 Kb4 50. d6 Kc4 51. d7
Kc5 52. d8=Q Kb4 53. Qc8 1-0

[Event "24e tournoi 1hKO"]
[Site "Montigny le Bretonneux"]
[Date "2022.05.26"]
[Round "2.15"]
[White "Kalouche, Ibrahim Samuel"]
[Black "Montay, Jean-Paul"]
[Result "0-1"]
[WhiteElo "1099"]
[BlackElo "1283"]
[Annotator "Rivier,Sylvain"]
[PlyCount "66"]
[EventDate "2022.??.??"]

{Partie italienne, guiocco piano} 1. e4 e5 2. Nf3 Nc6 3. Bc4 Bc5 4. c3 Nf6 5.
d3 O-O 6. O-O Na5 7. Nxe5 d6 8. b4 dxe5 9. bxa5 Bg4 10. Qc2 Be6 11. Nd2 c6 12.
Bxe6 fxe6 13. Nb3 Be7 14. Be3 Nd7 15. Rab1 Bg5 16. Qd2 Bxe3 17. Qxe3 b6 18.
axb6 axb6 19. Qe2 Qe7 20. Rfc1 Rf7 21. d4 Raf8 22. f3 c5 23. Kh1 Rf6 24. Qc4
Rh6 25. d5 Qh4 26. h3 Rxf3 27. dxe6 Rxh3+ 28. gxh3 Qxh3+ 29. Kg1 Qe3+ 30. Kg2
Rg6+ 31. Kf1 Rf6+ 32. Kg2 Qg5+ 33. Kh3 Rh6# 0-1

[Event "24e tournoi 1hKO"]
[Site "Montigny le Bretonneux"]
[Date "2022.05.26"]
[Round "3.1"]
[White "Faris, Marouane"]
[Black "Fruchard, Cyrille"]
[Result "0-1"]
[WhiteElo "1669"]
[BlackElo "2302"]
[Annotator "Rivier,Sylvain"]
[PlyCount "58"]
[EventDate "2022.??.??"]

{DÃ©fense franÃ§aise, variante Steinitz} 1. e4 e6 2. d4 d5 3. Nc3 Nf6 4. e5
Nfd7 5. Nce2 c5 6. c3 Nc6 7. f4 Qb6 8. Nf3 Be7 9. a3 O-O 10. h4 f6 11. Ng3 cxd4
12. cxd4 fxe5 13. fxe5 Ndxe5 14. dxe5 Nxe5 15. b4 Bd6 16. Ne2 Rxf3 17. Nd4 Rf7
18. Rh3 Bd7 19. Be3 Raf8 20. Be2 Qd8 21. Rh1 a5 22. b5 Ng6 23. Bg4 Bf4 24. Kd2
e5 25. Bxf4 Rxf4 26. Ne6 Bxe6 27. Bxe6+ Kh8 28. Qh5 Rf2+ 29. Ke1 Qb6 0-1

[Event "24e tournoi 1hKO"]
[Site "Montigny le Bretonneux"]
[Date "2022.05.26"]
[Round "3.2"]
[White "Nacer-Bey, Moussa"]
[Black "Forissier, Nicolas"]
[Result "0-1"]
[WhiteElo "1571"]
[BlackElo "1909"]
[Annotator "Rivier,Sylvain"]
[PlyCount "47"]
[EventDate "2022.??.??"]

{Partie italienne, guiocco piano} 1. e4 e5 2. Bc4 Nf6 3. d3 Nc6 4. Nf3 Bc5 5.
O-O d6 6. Bg5 Bg4 7. c3 h6 8. Bh4 g5 9. Bg3 Nh5 10. Nbd2 Qf6 11. Qb3 O-O-O 12.
Bd5 Nf4 13. Bxf4 gxf4 14. Bxc6 bxc6 15. Qa4 Rdg8 16. Kh1 Qg6 17. g3 Qh5 18. Ng1
Bh3 19. d4 Bxf1 20. dxc5 fxg3 21. fxg3 Bb5 22. Qxa7 d5 23. exd5 e4 24. Nxe4 {
suite non notÃ©e} 0-1

[Event "24e tournoi 1hKO"]
[Site "Montigny le Bretonneux"]
[Date "2022.05.26"]
[Round "3.3"]
[White "Surugue, Philippe"]
[Black "Gaudin, Vincent"]
[Result "1-0"]
[WhiteElo "1766"]
[BlackElo "1609"]
[Annotator "Rivier,Sylvain"]
[PlyCount "88"]
[EventDate "2022.??.??"]

{DÃ©fense sicilienne} 1. e4 c5 2. d4 cxd4 3. c3 d3 4. Bxd3 Nc6 5. Nf3 e6 6. O-O
Nf6 7. Qe2 Be7 8. Rd1 Qc7 9. g3 O-O 10. Nbd2 b6 11. Nc4 d5 12. Bf4 Qd8 13. e5
dxc4 14. Bxh7+ Nxh7 15. Rxd8 Rxd8 16. Qxc4 Bb7 17. Qe2 Rd5 18. Rd1 Rad8 19.
Rxd5 Rxd5 20. h4 Nf8 21. h5 Ra5 22. b3 Ba6 23. Qb2 Nd7 24. b4 Rd5 25. Nd4 Ndxe5
26. Bxe5 Rxe5 27. f4 Rxh5 28. Qa3 Nb8 29. Nc6 Nxc6 30. Qxa6 Rd5 31. Kf2 Bf6 32.
Ke3 Kf8 33. b5 Nd8 34. Qxa7 Rxb5 35. c4 Bd4+ 36. Kd3 Ra5 37. Qd7 Bf6 38. Qd6+
Be7 39. Qxb6 Rxa2 40. g4 Ra8 41. g5 f6 42. g6 Ra3+ 43. Ke2 Rg3 44. Qb1 Bd6 {
suite non notÃ©e} 1-0

[Event "24e tournoi 1hKO"]
[Site "Montigny le Bretonneux"]
[Date "2022.05.26"]
[Round "3.4"]
[White "Maurel, Thibaud"]
[Black "Belan, Valentin"]
[Result "1-0"]
[WhiteElo "1457"]
[BlackElo "1497"]
[Annotator "Rivier,Sylvain"]
[PlyCount "117"]
[EventDate "2022.??.??"]

{DÃ©fense Petroff} 1. e4 e5 2. Nf3 Nf6 3. Nxe5 d6 4. Nf3 Nxe4 5. d4 d5 6. Bf4
Bd6 7. Bxd6 Qxd6 8. c3 O-O 9. Bd3 f5 10. Nbd2 c6 11. Ne5 Nd7 12. Ndf3 Nxe5 13.
Nxe5 c5 14. Nf3 cxd4 15. Nxd4 Bd7 16. O-O Rf6 17. f3 Nc5 18. Re1 Raf8 19. Bb5
Bxb5 20. Nxb5 Qb6 21. Qxd5+ Kh8 22. Nd4 Nd3 23. b3 Nxe1 24. Rxe1 h6 25. g3 Rd8
26. Qc4 Rfd6 27. Kg2 Qa5 28. Re2 Qd5 29. Qc7 R6d7 30. Qf4 Rf7 31. Re5 Qd6 32.
Qe3 a6 33. Re6 Qa3 34. Rxh6+ Kg8 35. Re6 Qxa2+ 36. Kh3 Rdf8 37. Re7 Rf6 38. Re6
Kf7 39. Rxf6+ gxf6 40. Qe6+ Kg6 41. Qxf5+ Kg7 42. Ne6+ Kf7 43. Nxf8 Kxf8 44.
Qxf6+ Kg8 45. g4 Qxb3 46. g5 Qf7 47. Qd8+ Kg7 48. Qd4+ Kg6 49. f4 Qe6+ 50. Kg3
Qe1+ 51. Kf3 Qh1+ 52. Ke3 Qe1+ 53. Kd3 Qb1+ 54. Ke2 Qc2+ 55. Ke3 Qc1+ 56. Ke4
Qh1+ 57. Ke5 Qxh2 58. Qe4+ Kh5 59. Qh7+ 1-0

[Event "24e tournoi 1hKO"]
[Site "Montigny le Bretonneux"]
[Date "2022.05.26"]
[Round "3.5"]
[White "Branson, James"]
[Black "Maurel, Christophe"]
[Result "0-1"]
[WhiteElo "1553"]
[BlackElo "1562"]
[Annotator "Rivier,Sylvain"]
[PlyCount "97"]
[EventDate "2022.??.??"]

{Ouvreture du pion dame} 1. d4 e6 2. c4 Nf6 3. Qb3 c5 4. d5 exd5 5. cxd5 Be7 6.
Nc3 O-O 7. Bf4 d6 8. h3 Qb6 9. Qxb6 axb6 10. Nb5 Nxd5 11. Bxd6 Bxd6 12. Nxd6
Nb4 13. Rc1 Rxa2 14. e3 Be6 15. Be2 Rxb2 16. Nf3 N8c6 17. Nc4 Bxc4 18. Bxc4
Nc2+ 19. Kf1 Rd8 20. g4 Kf8 21. Be2 N2b4 22. Ne1 Rdd2 23. Bc4 Ne5 24. Kg2 Nxc4
25. Rxc4 Nd5 26. Kg3 Rxf2 27. Re4 Nf6 28. Re5 c4 29. Rg1 Rfd2 30. Nf3 Rd5 31.
Rc1 b5 32. Kf4 Rf2 33. Rxd5 Nxd5+ 34. Kg3 Ra2 35. e4 Nf6 36. e5 Ne4+ 37. Kf4
Nc5 38. Rf1 b4 39. Nd4 Ne6+ 40. Nxe6+ fxe6 41. Ke4+ Ke7 42. Kd4 c3 43. Rc1 Rh2
44. Kc4 Rxh3 45. Kxb4 Kf7 46. Kc5 Rg3 47. Kb6 Rxg4 48. Rxc3 Rb4+ 49. Kc5 {
suite illisible} 0-1

[Event "24e tournoi 1hKO"]
[Site "Montigny le Bretonneux"]
[Date "2022.05.26"]
[Round "3.6"]
[White "Lebacq, Gaspar"]
[Black "Belardello, Mario-Jovani"]
[Result "0-1"]
[WhiteElo "1463"]
[BlackElo "1738"]
[Annotator "Rivier,Sylvain"]
[PlyCount "72"]
[EventDate "2022.??.??"]

{DÃ©fense Caro-Kann} 1. c4 c6 2. e4 d5 3. cxd5 cxd5 4. exd5 Nf6 5. Nf3 Nxd5 6.
d4 Nc6 7. Bb5 Qa5+ 8. Nc3 Nxc3 9. Bxc6+ bxc6 10. bxc3 Ba6 11. Bd2 e6 12. Qb3
Qc7 13. Qc2 Rb8 14. Rc1 Ba3 15. Rb1 Rxb1+ 16. Qxb1 O-O 17. Bc1 Rb8 18. Qc2 Qa5
19. Kd2 Bd6 20. g3 Bc4 21. Ne1 Bxa2 22. Nd3 Bb1 23. Qd1 Bxd3 24. Kxd3 Qf5+ 25.
Ke2 Rb1 26. Qd3 Qxd3+ 27. Kxd3 Ba3 28. Kc2 Rxc1+ 29. Rxc1 Bxc1 30. Kxc1 Kf8 31.
Kb2 Ke7 32. Kb3 Kd6 33. f4 c5 34. Kc4 cxd4 35. cxd4 h5 36. Kb5 Kd5 0-1

[Event "24e tournoi 1hKO"]
[Site "Montigny le Bretonneux"]
[Date "2022.05.26"]
[Round "3.7"]
[White "Couradin, Bruno"]
[Black "Mongey, Alain"]
[Result "1-0"]
[WhiteElo "1411"]
[BlackElo "1548"]
[Annotator "Rivier,Sylvain"]
[PlyCount "39"]
[EventDate "2022.??.??"]

{Partie du pion dame} 1. d4 d5 2. Nf3 Nf6 3. Bf4 e6 4. Nc3 c5 5. e3 Nc6 6. Bb5
a6 7. Bxc6+ bxc6 8. O-O c4 9. Ne5 c5 10. b4 cxb3 11. axb3 Qb6 12. Na4 Qb5 13.
c4 dxc4 14. bxc4 Qb7 15. Rb1 Qa7 16. Nb6 Bb7 17. Nxa8 Qxa8 18. f3 Nh5 19. Qa4+
Ke7 20. Qd7+ 1-0

[Event "24e tournoi 1hKO"]
[Site "Montigny le Bretonneux"]
[Date "2022.05.26"]
[Round "3.8"]
[White "Cogez, Celine"]
[Black "Baltzer, Jean-Marc"]
[Result "1-0"]
[WhiteElo "1546"]
[BlackElo "1412"]
[Annotator "Rivier,Sylvain"]
[PlyCount "63"]
[EventDate "2022.??.??"]

{DÃ©fense Alekhine, variante moderne} 1. e4 Nf6 2. e5 Nd5 3. d4 d6 4. Nf3 Bg4
5. Nbd2 dxe5 6. dxe5 Nd7 7. Nc4 c6 8. Be2 b5 9. Ne3 Bxf3 10. Bxf3 e6 11. O-O
Nxe5 12. Nxd5 Nxf3+ 13. Qxf3 cxd5 14. b3 Qc7 15. Qd3 a6 16. Bb2 Rc8 17. Rac1
Qf4 18. g3 Qh6 19. c4 bxc4 20. bxc4 Qg6 21. Qxg6 hxg6 22. cxd5 Rb8 23. Be5 Rb5
24. Rc8+ Kd7 25. Rfc1 exd5 26. R1c7+ Ke6 27. Re8+ Kf5 28. Rxf7+ Kg4 29. Kg2 Rh5
30. Rf4+ Kg5 31. Rexf8 Kh6 32. Rh8+ 1-0

[Event "24e tournoi 1hKO"]
[Site "Montigny le Bretonneux"]
[Date "2022.05.26"]
[Round "3.9"]
[White "Montay, Jean-Paul"]
[Black "Privat, Jean-Claude"]
[Result "0-1"]
[WhiteElo "1283"]
[BlackElo "1527"]
[Annotator "Rivier,Sylvain"]
[PlyCount "82"]
[EventDate "2022.??.??"]

{Gambit dame, dÃ©fense slave, variante d'Ã©change} 1. c4 c6 2. Nf3 d5 3. cxd5
cxd5 4. d4 Nf6 5. Nc3 Nc6 6. a3 Bf5 7. g3 e6 8. Bg2 a6 9. O-O Be7 10. b4 O-O
11. Re1 Rc8 12. Bb2 h6 13. Nh4 Bh7 14. Nf3 Nb8 15. Ne5 Nbd7 16. Nxd7 Qxd7 17.
e4 dxe4 18. Nxe4 Nxe4 19. Bxe4 Bxe4 20. Rxe4 Bf6 21. Qd2 Qd5 22. f3 Rc4 23. Rc1
Rfc8 24. Rxc4 Rxc4 25. Qe3 Rc2 26. Bc3 Qa2 27. Kf1 Rxh2 28. Qg1 Rc2 29. Qe3
Qc4+ 30. Ke1 Qxc3+ 31. Qxc3 Rxc3 32. d5 Rxa3 33. dxe6 fxe6 34. Rxe6 Bc3+ 35.
Ke2 Bd4 36. g4 b6 37. f4 a5 38. f5 Rg3 39. Rg6 Kf7 40. g5 Rxg5 41. Rxg5 hxg5
0-1

[Event "24e tournoi 1hKO"]
[Site "Montigny le Bretonneux"]
[Date "2022.05.26"]
[Round "3.10"]
[White "Kunne, Ronald"]
[Black "Koutchinsky, Gabriel"]
[Result "1/2-1/2"]
[WhiteElo "1511"]
[BlackElo "1290"]
[Annotator "Rivier,Sylvain"]
[PlyCount "46"]
[EventDate "2022.??.??"]

{DÃ©fense Alekhine, variante de chasse} 1. e4 Nf6 2. Nc3 d5 3. exd5 Nxd5 4. Bc4
Nxc3 5. Qf3 e6 6. bxc3 Nc6 7. d4 Bd6 8. Ne2 O-O 9. O-O Bd7 10. Bd3 Qh4 11. g3
Qh3 12. Nf4 Bxf4 13. Bxf4 f5 14. Rfe1 Nxd4 15. cxd4 Bc6 16. Bf1 Qxf1+ 17. Kxf1
Bxf3 18. Rxe6 c6 19. Re3 Bd5 20. Rb1 b5 21. a3 Rfe8 22. Rbe1 Kf7 23. Be5 g6
1/2-1/2

[Event "24e tournoi 1hKO"]
[Site "Montigny le Bretonneux"]
[Date "2022.05.26"]
[Round "3.11"]
[White "Chennoufi, Amine"]
[Black "Touahir, Ismael"]
[Result "1-0"]
[WhiteElo "1490"]
[BlackElo "1009"]
[Annotator "Rivier,Sylvain"]
[PlyCount "47"]
[EventDate "2022.??.??"]

{Partie des quatre cavaliers, variante espagnole} 1. e4 e5 2. Nf3 Nc6 3. Bb5
Bc5 4. O-O Nf6 5. Nc3 O-O 6. Bxc6 bxc6 7. Nxe5 Bd4 8. Nf3 Bxc3 9. dxc3 Nxe4 10.
Re1 Bb7 11. Rxe4 c5 12. Re1 g5 13. Bxg5 f6 14. Be3 d6 15. Qe2 Qd7 16. Rad1 Qg7
17. h3 Rae8 18. Qc4+ Kh8 19. Qg4 Qf7 20. Bh6 Rxe1+ 21. Rxe1 Rg8 22. Qf5 Qxa2
23. Qxf6+ Rg7 24. Qxg7# 1-0

[Event "24e tournoi 1hKO"]
[Site "Montigny le Bretonneux"]
[Date "2022.05.26"]
[Round "3.12"]
[White "Divies, Renaud"]
[Black "Baysse, Nathan"]
[Result "1-0"]
[WhiteElo "1936"]
[BlackElo "1199"]
[Annotator "Rivier,Sylvain"]
[PlyCount "77"]
[EventDate "2022.??.??"]

{Ouverture anglaise, variante sicilienne inversÃ©e} 1. c4 e5 2. Nc3 Nc6 3. e4
Bb4 4. Nge2 Nf6 5. g3 d6 6. Bg2 Be6 7. d3 Bg4 8. f3 Bd7 9. O-O Bc5+ 10. Kh1 O-O
11. h3 Nd4 12. f4 Nxe2 13. Nxe2 exf4 14. gxf4 Qc8 15. Kh2 Bc6 16. d4 Bb4 17. a3
Ba5 18. b4 Bb6 19. c5 dxc5 20. dxc5 Bxc5 21. bxc5 Nxe4 22. Qc2 Nf6 23. Bxc6
bxc6 24. Bb2 Qe6 25. Nd4 Qe4 26. Qxe4 Nxe4 27. Nxc6 Nxc5 28. Be5 Nb3 29. Rad1
Rfe8 30. Rg1 f6 31. Bxf6 Kf7 32. Be5 g6 33. Rd7+ Ke6 34. Rxh7 Rg8 35. Re7+ Kd5
36. Nb4+ Ke4 37. Re1+ Kf3 38. Bxc7 g5 39. Rf1# 1-0

[Event "24e tournoi 1hKO"]
[Site "Montigny le Bretonneux"]
[Date "2022.05.26"]
[Round "3.13"]
[White "Couradin, Jean-Marie"]
[Black "Ruiz, Alexandra"]
[Result "1-0"]
[WhiteElo "1508"]
[BlackElo "1199"]
[Annotator "Rivier,Sylvain"]
[PlyCount "53"]
[EventDate "2022.??.??"]

{DÃ©fense sicilienne, gambit Morra} 1. e4 c5 2. Nf3 Nc6 3. d4 cxd4 4. c3 dxc3
5. Nxc3 e6 6. Bc4 Nf6 7. O-O Nxe4 8. Qe2 Nxc3 9. bxc3 d5 10. Rd1 Qc7 11. Bxd5
Be7 12. Bb3 O-O 13. Be3 Bd6 14. h3 Bd7 15. Qd3 Bf4 16. Qxd7 Qxd7 17. Rxd7 Bxe3
18. fxe3 b6 19. Rad1 Rfc8 20. Ng5 h6 21. Nxf7 Re8 22. R1d6 Rac8 23. Bxe6 Rxe6
24. Rxe6 Kh7 25. Nd6 Rg8 26. Ne8 h5 27. Nf6+ 1-0

[Event "24e tournoi 1hKO"]
[Site "Montigny le Bretonneux"]
[Date "2022.05.26"]
[Round "3.14"]
[White "Goron, Adrien"]
[Black "Kalouche, Ibrahim Samuel"]
[Result "0-1"]
[WhiteElo "1199"]
[BlackElo "1099"]
[Annotator "Rivier,Sylvain"]
[PlyCount "86"]
[EventDate "2022.??.??"]

{Défense des deux cavaliers} 1. e4 e5 2. Nf3 Nc6 3. Bc4 Bc5 4. O-O Nf6 5. Nc3
O-O 6. Na4 Nxe4 7. Bd3 Nxf2 8. Qe1 Nxd3+ 9. Kh1 Nxe1 10. Rxe1 Bb6 11. d3 d5 12.
Bg5 f6 13. Bh4 Nd4 14. Nd2 Nxc2 15. Nf3 Nxa1 16. Rxa1 Re8 17. b3 Bd7 18. Nc3
Bd4 19. Rc1 Bxc3 20. Rxc3 e4 21. dxe4 dxe4 22. Nd4 e3 23. Rc1 e2 24. a3 e1=Q+
25. Bxe1 Bg4 26. Bh4 Qxd4 27. Be1 Rxe1+ 28. Rxe1 Qd1 29. Rxd1 Bxd1 30. b4 Re8
31. h4 Re3 32. Kh2 Rxa3 33. g3 Rb3 34. Kh3 Rxb4 35. Kg2 a5 36. Kh3 a4 37. g4 a3
38. h5 a2 39. Kh4 Rxg4+ 40. Kh3 a1=Q 41. h6 Qc3+ 42. Kh2 Qg3+ 43. Kh1 Bf3# 0-1

[Event "24e tournoi 1hKO"]
[Site "Montigny le Bretonneux"]
[Date "2022.05.26"]
[Round "3.15"]
[White "Haquet Larrouy, Alban"]
[Black "Lanfant, Kevin"]
[Result "0-1"]
[WhiteElo "1099"]
[BlackElo "1199"]
[Annotator "Rivier,Sylvain"]
[PlyCount "98"]
[EventDate "2022.??.??"]

{DÃ©fense Caro-Kann, variante des deux cavaliers} 1. e4 c6 2. Nf3 d5 3. Nc3 Bg4
4. Be2 Nf6 5. h3 Bxf3 6. Bxf3 e6 7. e5 Nfd7 8. d4 c5 9. dxc5 Bxc5 10. O-O Nxe5
11. Bf4 Nxf3+ 12. Qxf3 O-O 13. Rad1 Qb6 14. Qg3 g6 15. Bh6 Re8 16. Qe5 Bf8 17.
Bxf8 Rxf8 18. a4 Qxb2 19. Rd2 Nc6 20. Qf6 Rac8 21. Rb1 Qa3 22. Nb5 Qc5 23. Qc3
Qxc3 24. Nxc3 Ne5 25. Rxb7 Rxc3 26. Rxa7 Nc4 27. Rd3 Rxd3 28. cxd3 Ne5 29. d4
Nc6 30. Rc7 Nxd4 31. a5 Ra8 32. Rc5 Nb3 33. Rc3 Nxa5 34. Ra3 d4 35. g4 Ra7 36.
Kg2 Nc6 37. Rxa7 Nxa7 38. Kg3 d3 39. Kf3 e5 40. Ke3 e4 41. Kd2 Nb5 42. Ke3 Nd6
43. Kd4 d2 44. Ke3 d1=Q 45. f3 exf3 46. Kf2 Qe2+ 47. Kg3 Qg2+ 48. Kh4 Ne4 49.
g5 Qg3# 0-1

[Event "24e tournoi 1hKO"]
[Site "Montigny le Bretonneux"]
[Date "2022.05.28"]
[Round "4.2"]
[White "Forissier, Nicolas"]
[Black "Maurel, Thibaud"]
[Result "1-0"]
[WhiteElo "1909"]
[BlackElo "1457"]
[Annotator "Rivier,Sylvain"]
[PlyCount "47"]
[EventDate "2022.??.??"]

{Défense Nimzo-indienne, variante Fischer} 1. d4 Nf6 2. c4 e6 3. Nc3 Bb4 4. e3
O-O 5. Bd3 b6 6. Nf3 Bb7 7. O-O c5 8. Qc2 cxd4 9. exd4 d5 10. cxd5 Bxc3 11.
bxc3 Bxd5 12. Ne5 Nbd7 13. Bg5 h6 14. Bh4 Qc7 15. f4 Rac8 16. Rac1 Qd6 17. Qe2
Bb7 18. f5 Nd5 19. fxe6 fxe6 20. Rxf8+ Rxf8 21. Qe4 Nxe5 22. Qh7+ Kf7 23. dxe5
Qxe5 24. Bg6# 1-0

[Event "24e tournoi 1hKO"]
[Site "Montigny le Bretonneux"]
[Date "2022.05.28"]
[Round "4.3"]
[White "Maurel, Christophe"]
[Black "Faris, Marouane"]
[Result "1-0"]
[WhiteElo "1562"]
[BlackElo "1669"]
[Annotator "Rivier,Sylvain"]
[PlyCount "73"]
[EventDate "2022.??.??"]

{Défense sicilienne, fianchetto accéléré} 1. e4 c5 2. Nf3 Nc6 3. d4 cxd4 4.
Nxd4 g6 5. Nc3 Bg7 6. Be3 Nf6 7. Nxc6 bxc6 8. Qd2 O-O 9. f3 Rb8 10. O-O-O Qa5
11. Bc4 Rxb2 12. Kxb2 Ba6 13. Bb3 Rb8 14. g4 c5 15. e5 Ne8 16. f4 c4 17. Ne4
Qc7 18. Qxd7 Qa5 19. Qd2 Qc7 20. Rhe1 Bb7 21. Nc5 Bc8 22. Qd8 Qc6 23. Qd5 Qb5
24. Nd7 Bxd7 25. Qxd7 c3+ 26. Kxc3 Qb4+ 27. Kb2 Nd6 28. Rxd6 exd6 29. Rd1 dxe5
30. fxe5 a5 31. Qxf7+ Kh8 32. Rd7 Bxe5+ 33. Kb1 Qe1+ 34. Bc1 Qh4 35. Bb2 Qe1+
36. Bc1 Qh4 37. Re7 1-0

[Event "24e tournoi 1hKO"]
[Site "Montigny le Bretonneux"]
[Date "2022.05.28"]
[Round "4.5"]
[White "Gaudin, Vincent"]
[Black "Chennoufi, Amine"]
[Result "0-1"]
[WhiteElo "1609"]
[BlackElo "1490"]
[Annotator "Rivier,Sylvain"]
[PlyCount "58"]
[EventDate "2022.??.??"]

{Défense sicilienne, vaiante Alapine} 1. e4 c5 2. c3 d5 3. exd5 Qxd5 4. d4 cxd4
5. cxd4 Nc6 6. Nf3 Bg4 7. Be2 e6 8. Nc3 Bb4 9. O-O Bxc3 10. bxc3 Nf6 11. Ba3 b5
12. h3 Bh5 13. Rb1 a6 14. c4 bxc4 15. Qa4 Rc8 16. Qxa6 Qd8 17. Bxc4 Bxf3 18.
gxf3 Ne7 19. Bxe7 Kxe7 20. Qa3+ Qd6 21. Rb7+ Nd7 22. Rxd7+ Kxd7 23. Bb5+ Ke7
24. Qe3 Rhd8 25. Qg5+ Kf8 26. Rd1 Qd5 27. Qxd5 Rxd5 28. a4 e5 29. Rb1 exd4 0-1

[Event "24e tournoi 1hKO"]
[Site "Montigny le Bretonneux"]
[Date "2022.05.28"]
[Round "4.6"]
[White "Privat, Jean-Claude"]
[Black "Nacer-Bey, Moussa"]
[Result "0-1"]
[WhiteElo "1527"]
[BlackElo "1571"]
[Annotator "Rivier,Sylvain"]
[PlyCount "72"]
[EventDate "2022.??.??"]

{Défense hollandaise, variante Stonewell-Botvinnik} 1. d4 f5 2. Nf3 Nf6 3. g3
d5 4. Bg2 e6 5. O-O Be7 6. c4 c6 7. b3 O-O 8. Ba3 Nbd7 9. Bxe7 Qxe7 10. Nbd2
Qd6 11. c5 Qc7 12. Rc1 f4 13. Qc2 Ng4 14. Ng5 Ndf6 15. Ngf3 fxg3 16. hxg3 Bd7
17. Qc3 Rae8 18. Ne5 Nxe5 19. dxe5 Ng4 20. Nf3 Re7 21. Qd4 Nh6 22. Bh3 Nf5 23.
Qd3 Be8 24. Bxf5 Rxf5 25. Qe3 Bh5 26. Kg2 Bxf3+ 27. exf3 Qxe5 28. Qxe5 Rxe5 29.
Rfe1 Rxe1 30. Rxe1 Kf7 31. f4 h5 32. Kh3 Kf6 33. Kh4 g6 34. f3 e5 35. fxe5+
Rxe5 36. Rd1 Re2 0-1

[Event "24e tournoi 1hKO"]
[Site "Montigny le Bretonneux"]
[Date "2022.05.28"]
[Round "4.7"]
[White "Belan, Valentin"]
[Black "Couradin, Bruno"]
[Result "1/2-1/2"]
[WhiteElo "1497"]
[BlackElo "1411"]
[Annotator "Rivier,Sylvain"]
[PlyCount "105"]
[EventDate "2022.??.??"]

{Partie espagnole, défense berlinoise} 1. e4 e5 2. Nf3 Nc6 3. Bb5 d6 4. d4 exd4
5. O-O Bd7 6. Nxd4 Nf6 7. Re1 Be7 8. Nc3 O-O 9. Nxc6 Bxc6 10. Bxc6 bxc6 11. Qe2
Re8 12. b3 c5 13. Bb2 Qd7 14. Qf3 c6 15. h3 h6 16. Rad1 Qc7 17. Ne2 Bd8 18. Nf4
Nd7 19. Nh5 g6 20. Nf6+ Nxf6 21. Bxf6 Re6 22. Bb2 Bg5 23. Qg3 Rae8 24. h4 Bf6
25. Bxf6 Rxf6 26. Rd3 Rfe6 27. Red1 Rd8 28. Qf4 Qe7 29. f3 h5 30. c4 Qf6 31.
Qxf6 Rxf6 32. e5 Re6 33. exd6 Kf8 34. Kf2 f6 35. f4 Kf7 36. Kf3 f5 37. a4 a6
38. R1d2 Kf6 39. d7 Re7 40. Rd6+ Re6 41. a5 Ke7 42. Rxe6+ Kxe6 43. Ke3 Rxd7 44.
Rxd7 Kxd7 45. Kd3 Kd6 46. Kc3 Ke6 47. b4 cxb4+ 48. Kxb4 Kd6 49. Kb3 Kc5 50. Kc3
Kd6 51. Kd4 c5+ 52. Ke3 Ke6 53. g3 1/2-1/2

[Event "24e tournoi 1hKO"]
[Site "Montigny le Bretonneux"]
[Date "2022.05.28"]
[Round "4.8"]
[White "Koutchinsky, Gabriel"]
[Black "Divies, Renaud"]
[Result "0-1"]
[WhiteElo "1290"]
[BlackElo "1936"]
[Annotator "Rivier,Sylvain"]
[PlyCount "80"]
[EventDate "2022.??.??"]

{Ouverture anglaise, variante Botvinnik inversée} 1. c4 c5 2. Nc3 Nc6 3. Nf3 g6
4. g3 Bg7 5. Bg2 e5 6. d3 Nge7 7. O-O O-O 8. Bg5 h6 9. Bd2 d6 10. a3 f5 11. Rb1
g5 12. e3 Ng6 13. b4 f4 14. b5 Nce7 15. e4 g4 16. Ne1 f3 17. Nxf3 gxf3 18. Bxf3
Bh3 19. Re1 Kh7 20. Bh1 Qd7 21. Nd5 Bg4 22. f3 Nxd5 23. fxg4 Nc7 24. g5 Ne6 25.
Qh5 Nd4 26. gxh6 Bf6 27. g4 Rg8 28. g5 Bxg5 29. Bxg5 Nf4 30. Qh4 Qe7 31. Re3
Rxg5+ 32. Rg3 Nfe2+ 33. Kg2 Nxg3 34. hxg3 Rag8 35. Kh2 Qf7 36. g4 Rxg4 37. Qh3
Qf2+ 38. Bg2 Rxg2+ 39. Kh1 Rg1+ 40. Rxg1 Rxg1# 0-1

[Event "24e tournoi 1hKO"]
[Site "Montigny le Bretonneux"]
[Date "2022.05.28"]
[Round "4.10"]
[White "Lanfant, Kevin"]
[Black "Branson, James"]
[Result "0-1"]
[WhiteElo "1199"]
[BlackElo "1553"]
[Annotator "Rivier,Sylvain"]
[PlyCount "68"]
[EventDate "2022.??.??"]

{Gambit de Budapest, variante principale} 1. d4 Nf6 2. c4 e5 3. dxe5 Ng4 4. Nf3
Nc6 5. Bg5 Be7 6. Bxe7 Qxe7 7. Nc3 Ngxe5 8. Nxe5 Qxe5 9. e3 O-O 10. Be2 a6 11.
O-O Ne7 12. Rc1 d6 13. Qd4 Be6 14. Qxe5 dxe5 15. Rfd1 Rfd8 16. b4 f5 17. f4 e4
18. a3 Kf7 19. c5 Bb3 20. Rxd8 Rxd8 21. h3 Kf6 22. g4 Be6 23. g5+ Kf7 24. Kf2
Ke8 25. h4 Ng6 26. h5 Nh4 27. Rh1 Nf3 28. Bxf3 exf3 29. Kxf3 Rd3 30. Ne2 Bd5+
31. Kg3 Bxh1 32. h6 gxh6 33. gxh6 Rxe3+ 34. Kh4 Rxe2 0-1

[Event "24e tournoi 1hKO"]
[Site "Montigny le Bretonneux"]
[Date "2022.05.28"]
[Round "4.11"]
[White "Kalouche, Ibrahim Samuel"]
[Black "Couradin, Jean-Marie"]
[Result "1-0"]
[WhiteElo "1099"]
[BlackElo "1508"]
[Annotator "Rivier,Sylvain"]
[PlyCount "57"]
[EventDate "2022.??.??"]

{Défense est-indienne} 1. e4 d6 2. d4 g6 3. c4 Bg7 4. Nf3 Nf6 5. Nc3 O-O 6. Bd3
Nbd7 7. O-O c5 8. d5 a6 9. a3 Ng4 10. h3 Nge5 11. Nxe5 Nxe5 12. f4 Nxd3 13.
Qxd3 f5 14. Bd2 fxe4 15. Qxe4 Bf5 16. Qe2 Qc7 17. g4 Bc8 18. Rae1 Rf7 19. Ne4
Bxb2 20. Ng5 Rg7 21. f5 gxf5 22. Ne6 Bxe6 23. Qxe6+ Kh8 24. Qxf5 Qc8 25. Bh6
Qxf5 26. Bxg7+ Kxg7 27. Rxf5 Re8 28. a4 Be5 29. Kf2 {suite illisible} 1-0

[Event "24e tournoi 1hKO"]
[Site "Montigny le Bretonneux"]
[Date "2022.05.28"]
[Round "4.12"]
[White "Touahir, Ismael"]
[Black "Lebacq, Gaspar"]
[Result "0-1"]
[WhiteElo "1009"]
[BlackElo "1463"]
[Annotator "Rivier,Sylvain"]
[PlyCount "98"]
[EventDate "2022.??.??"]

{Défense française} 1. e4 e6 2. Nf3 d5 3. exd5 exd5 4. Nc3 Nf6 5. Be2 Bd6 6.
O-O O-O 7. d3 c6 8. Bg5 Bg4 9. h3 Bh5 10. a3 Nbd7 11. Nh4 Bg6 12. Nxg6 fxg6 13.
Bg4 Qc7 14. Ne2 Nxg4 15. Ng3 Ngf6 16. Bxf6 Nxf6 17. b4 Bxg3 18. fxg3 Qxg3 19.
Qe1 Qxe1 20. Raxe1 Rae8 21. Rxe8 Rxe8 22. c4 Re3 23. cxd5 Nxd5 24. b5 cxb5 25.
Rc1 h6 26. Rc8+ Kh7 27. Rd8 Rxd3 28. Rd7 Rd1+ 29. Kh2 Nc3 30. Rxb7 a5 31. Ra7
a4 32. h4 Ra1 33. Ra6 Rxa3 34. g4 Rb3 35. g5 h5 36. Kg1 a3 37. Kf1 a2 38. Ke1
Rb1+ 39. Kd2 b4 40. Rxa2 Nxa2 41. Kc2 Rh1 42. Kb3 Rh2 43. Kc4 Rxh4+ 44. Kb3 Rh2
45. Ka4 h4 46. Kb5 b3 47. Ka4 b2 48. Ka3 b1=Q 49. Ka4 Qb4# 0-1